| 000 | 00494nam a2200169 a 4500 | ||
|---|---|---|---|
| 001 | 000017190 | ||
| 005 | 20200929165037.0 | ||
| 008 | 100319s1962 dr 000 0 spa d | ||
| 040 |
_aDO-SdBNP _bspa _cBNPHU |
||
| 082 |
_axxx _bR337f |
||
| 110 | 1 |
_aRepública Dominicana _9447 |
|
| 240 | 1 | 3 | _a[Leyes etc.] |
| 245 | 1 | 0 | _aReglamentos de la federación de la juventud católica femenina dominicana. |
| 260 |
_aSanto Domingo : _bPol Hermanos, _c1962. |
||
| 300 |
_a27 p. ; _c21 cm. |
||
| 049 | _aBNPD | ||
| 999 |
_c16716 _d16716 |
||